000 00567nam a22001697a 4500
020 _qHard Cover.
082 _a621.3
100 _aHussain, Aizaz ; Imran Tahir
245 _aBoiler Automation /
_cAizaz, Hussain, ; Imran Tahir
260 _aIslamabad :
_bSEECS - NUST,
_c2010.
300 _a77 p . : ill. ;
_c30cm.
650 _aElectronics Engineering-Project Report.
_931158
700 _aMr. Habeel Ahmad.
_931173
856 _uhttp://10.250.8.41:8080/xmlui/handle/123456789/29064
942 _2ddc
_cPR
999 _c536206
_d536206